| 000 | 01324cam a22003617a 4500 | ||
|---|---|---|---|
| 001 | 000003312 | ||
| 003 | CHAP | ||
| 005 | 20220329133210.0 | ||
| 008 | 971013s1988 r 00010 d | ||
| 010 | _a3263 | ||
| 011 | _a4235 | ||
| 035 | _a3437 | ||
| 040 | _cCHAP | ||
| 082 | 0 | 4 |
_a595.701 _bE6 |
| 100 | 0 | 0 |
_aEquihua Martínez, Armando. _937254 |
| 245 | 1 | 0 | _aEstados inmaduros de los insectos. |
| 260 |
_aChapingo, Méx. : _bCP. Centro de Entomología y Acarología, _c[1988?]. |
||
| 300 |
_a299 p. : _b: ilus. |
||
| 590 |
_aBATCH-UPD _b10 _c20130110 _lUCH01 _h1925 |
||
| 590 |
_aBATCH-UPD _b10 _c20130410 _lUCH01 _h1250 |
||
| 590 |
_aBATCH-UPD _b10 _c20130914 _lUCH01 _h1006 |
||
| 590 |
_aCONVERSION _b10 _c20130109 _lUCH01 _h1303 |
||
| 590 |
_aE5995AHE _b05 _c20150225 _lUCH01 _h0935 |
||
| 650 | 1 | 4 |
_aInsectos _xAnatomía y fisiología. _958891 |
| 700 | 0 |
_aAnaya Rosales, Socorro. _95512 |
|
| 710 | 0 |
_aColegio de Postgraduados. Chapingo, Méx. Centro de Entomología y Acarología. _925077 |
|
| 901 | _aBK | ||
| 942 | _cLIBRO | ||
| 942 | _n0 | ||
| 949 |
_a595.701 E6 _bBC _cLIBRO _d33724000374294 _eLIBRO _fc.2 _gI. c/e _h79472 _i3437 _si _t16.00 |
||
| 949 |
_a595.701 E6 _bBC _cLIBRO _d33724000827598 _eLIBRO _fc.3 _gI. c/e _h79473 _i3437 _si _t16.00 |
||
| 949 |
_a595.701 E6 _bBC _cUACH _d33724000374401 _eUACH _gI. c/e _h79471 _i3437 _si _t16.00 |
||
| 999 |
_c3263 _d3263 |
||